000 00489nam a2200169 i 4500
001 29685
003 ES-MaACL
005 20230906154055.0
007 t|
008 030122s1960 sp ||||1| spa d
100 1 _aBallesteros Gaibrois, Mercedes,
_d1913-1995
_925057
245 1 0 _aTaller /
_cMercedes Ballesteros Gaibrois.
260 _aBarcelona :
_bDestino,
_c[1960] (
_fNúñez)
300 _a199 p. ;
_c19 cm.
852 _aES-MaACL
_jC-19822
_bR.47444
999 _c29685
_d29685